| 000 | 00844nam a2200289Ia 4500 | ||
|---|---|---|---|
| 003 | OSt | ||
| 005 | 20221006140644.0 | ||
| 006 | a|||||r|||| 00| 0 | ||
| 007 | ta | ||
| 008 | 221006b |||||||| |||| 00| 0 eng d | ||
| 020 | _a9780300062427 | ||
| 024 | _a284 | ||
| 037 |
_bGift, Japan Foundation _cTextual |
||
| 040 |
_aEASL _cEASL _beng |
||
| 041 |
_2eng _aeng |
||
| 082 | _aW0gY:373, N5 | ||
| 100 |
_aKASZA Gregory J _9312615 |
||
| 245 | 0 |
_aConscription society _b Administered mass organizations |
|
| 260 |
_aNew Havan _b Yale Univ. Press _c1995 |
||
| 300 |
_a217p. _ccm. |
||
| 490 | _v Oth | ||
| 650 |
_a Authoritarianism history _9643123 |
||
| 650 |
_a Mass society _9643124 |
||
| 650 |
_aCEL _9642732 |
||
| 942 |
_hW0gY:373, N5 _cTEXL _2CC |
||
| 999 |
_c1068371 _d1068371 |
||